IFM Opac

Inside wall street (Record no. 15321)

MARC details
000 -LEADER
fixed length control field 00293nam a22001337a 4500
020 ## - INTERNATIONAL STANDARD BOOK NUMBER
International Standard Book Number 0393056430
082 ## - DEWEY DECIMAL CLASSIFICATION NUMBER
Classification number 332.6 SOB
100 ## - MAIN ENTRY--PERSONAL NAME
Personal name Sobel,Robert
245 ## - TITLE STATEMENT
Title Inside wall street
260 ## - PUBLICATION, DISTRIBUTION, ETC.
Place of publication, distribution, etc. london
Name of publisher, distributor, etc. Norton W. W.
Date of publication, distribution, etc. 1977
300 ## - PHYSICAL DESCRIPTION
Extent 288p.
Other physical details 21cm.
500 ## - GENERAL NOTE
General note Include Index
942 ## - ADDED ENTRY ELEMENTS (KOHA)
Koha item type Books
Holdings
Withdrawn status Lost status Source of classification or shelving scheme Damaged status Not for loan Collection code Home library Current library Shelving location Date acquired Full call number Barcode Date last seen Price effective from Koha item type
    Dewey Decimal Classification     Non-fiction IFM Main Campus Library IFM Main Campus Library   02/09/2016 332.6 SOB 0000005179 02/09/2016 02/09/2016 Books